000 00815nam a22002177a 4500
005 20240530110509.0
008 151025s2010 ua a g 000 0 ara d
017 _a2010/24734
_bمصر . دار الكتب المصرية
040 _aEG-CaGPL
082 0 4 _221
_a320.533\
_bر ف
100 1 _aرينتون ، ديفيد .
245 1 2 _aالفاشية :
_bبين النظرية و التطبيق /
_cديفيد رينتون ؛ اعداد مركز الترجمة بمكتبة جزيرة الورد .
250 _aط1.
260 _aالقاهرة ك
_bمكتبة جزيرة الورد ،
_c2010 .
300 _a240 ص ؛
_c24 سم .
650 0 4 _aالفاشية .
650 0 4 _aالماركسيون .
650 0 4 _aالهولوكوست .
942 _2ddc
_cBK
999 _c61624
_d61624